UK National Curriculum Quiz Stats

 Plays Quiz not verified by Sporcle

Challenge
Share
Tweet
Embed
Score 0/30 Timer 12:00
0 Plays Today
CLUE SUBJECT % Correct
Alliteration, Metaphor, Smilie etc.English Language
99.2%
Acid, Alkali, pH, PotassiumChemistry
98.5%
Plants, Humans, Organs, DiseasesBiology
97.7%
Picasso, Monet, Da VinciArt
97.7%
Pythagoras, Percentages, FractionsMathematics
97.3%
Civil War, WW2, Tudors, VictoriansHistory
97.3%
Judasium, Christianity, IslamRE
96.6%
Speed, Velocity, Gravity, NewtonPhysics
96.2%
Ballet, Street, BallroomDance
95.8%
Concert, Treble, Octive, RhythmMusic
95.5%
Games, Football, Warm-Up, HockeyPhysical Education
94.7%
World, Earthquakes, StormsGeography
92%
Bronte, Thackery, Fitzgerald, Dickens etc.English Literature
90.9%
French, Spanish, Italian, German, TEFLModern Languages
88.6%
Theatre, Canon, Unison, Director, ScriptDrama
88.3%
CLUE SUBJECT % Correct
Child Development and NutritionHome Economics
80.3%
Resistant Materials, Food Technology, Textiles, GraphicsDesign Technology
78.8%
Euro, Pound, Dollar, YenEconomics
78%
Jury, Judge, Criminal, CourtLaw
76.5%
Social Groups, SocietySociology
75%
Magazines, TV, Film, Press and InternetMedia Studies
72.3%
Mind, Brain, Case StudiesPsychology
71.2%
Spreadsheet, Documents, HTMLICT
67.4%
Economy, Manager, Staff, MoneyBusiness Studies
65.5%
History, Geography, RE, SociologyHumanities
58.7%
Graphs, NumbersStatistics
58%
Greek, Roman, Latin, CivilisationClassics
57.6%
Holidays, Free-time, VisitsTravel and Tourism
33.7%
Babies, Health CareHealth and Social Care
30.7%
Politics, Society, CulturePSHE and Citizenship
19.3%

You're not logged in!

Compare scores with friends on all Sporcle quizzes.
OR
Log In

You Might Also Like...

Show Comments

Extras

Top Quizzes Today


Score Distribution

Your Account Isn't Verified!

In order to create a playlist on Sporcle, you need to verify the email address you used during registration. Go to your Sporcle Settings to finish the process.

Report this User

Report this user for behavior that violates our Community Guidelines.

Details: